Welcome to the Holygrace Academy Library

Please use search bar below to get started

COMPLETE A-Z BIOLOGY HANDBOOK (Record no. 1371)

MARC details
000 -LEADER
fixed length control field 00349nam a22001457a 4500
020 ## - INTERNATIONAL STANDARD BOOK NUMBER
ISBN 0-340-87273-X
082 ## - DEWEY DECIMAL CLASSIFICATION NUMBER
Classification number 574
Item number IND/C
100 ## - MAIN ENTRY--AUTHOR NAME
Personal name INDGE BILL
245 ## - TITLE STATEMENT
Title COMPLETE A-Z BIOLOGY HANDBOOK
250 ## - EDITION STATEMENT
Edition statement THIRD EDITION
260 ## - PUBLICATION, DISTRIBUTION, ETC. (IMPRINT)
Place of publication GREAT BRITIAN
Name of publisher HODDER & STOUGHTON
Year of publication 2003
300 ## - PHYSICAL DESCRIPTION
Number of Pages 310
650 ## - SUBJECT ADDED ENTRY--TOPICAL TERM
Topical Term BIOLOGY REFERENCE
Geographic subdivision INDIA
942 ## - ADDED ENTRY ELEMENTS (KOHA)
Koha item type Books
Holdings
Withdrawn status Lost status Collection code Home library Current library Shelving location Date acquired Source of acquisition Full call number Accession Number Koha item type
    Reference Main Library Main Library SHELF-5 D REFERENCEBIOLOGY 02/03/2006 purchase 574 IND/C 02216 Books